00870cas a2200265 a 45000010009000000050017000090080037000260100017000630220014000800350024000940400023001180420008001410500022001490820022001711300052001932450027002452600057002723000035003293100014003643620038003786500044004169420012004609990017004729520115004891262115620100409062854.0011214c2007stkqr p| 00| 0 eng d a 2001248007 a1469-347X a(OCoLC)ocm45695815  aNNcNNdDLCdOCoLC apcc00aHF5415.2b.M3584504221a658.8005bMAR0 aMarketing review (Helensburgh, Scotland)91463904aThe Marketing Review / aHelensburgh, Scotland :bWestburn Publishers,cc2007 av, 311- 400p. :bill.;c25 cm. aQuarterly0 avol. 7, issue 4, (Winter 2007)-  0aMarketing researchvPeriodicals.914640 2ddccBB c14066d14066 00102ddc40708 aMAINbMAINc1STd2010-06-09epurchasel0o658.8005 MARp000012172r2025-07-15 00:00:00yBB